<?xml version="1.0" encoding="UTF-8"?>
<record
    xmlns:xsi="http://www.w3.org/2001/XMLSchema-instance"
    xsi:schemaLocation="http://www.loc.gov/MARC21/slim http://www.loc.gov/standards/marcxml/schema/MARC21slim.xsd"
    xmlns="http://www.loc.gov/MARC21/slim">

  <leader>02030nam a2200361 i 4500</leader>
  <controlfield tag="001">20623</controlfield>
  <controlfield tag="003">ES-MaACL</controlfield>
  <controlfield tag="005">20250902103716.0</controlfield>
  <controlfield tag="007">t|</controlfield>
  <controlfield tag="008">021115s1872    sp            000 s spa d</controlfield>
  <datafield tag="080" ind1=" " ind2=" ">
    <subfield code="a">326.8(7/8)</subfield>
  </datafield>
  <datafield tag="245" ind1="0" ind2="0">
    <subfield code="a">Conferencias anti-esclavistas del Teatro de Lope de Rueda / </subfield>
    <subfield code="c">por Castro (Fernando), Bona, Carrasco, Torres Aguilar, Sanrom&#xE1;, Acosta, Labra y Rodr&#xED;guez (Gabriel).</subfield>
  </datafield>
  <datafield tag="260" ind1=" " ind2=" ">
    <subfield code="a">Madrid : </subfield>
    <subfield code="b">[Sociedad Abolicionista Espa&#xF1;ola], </subfield>
    <subfield code="c">1872 (</subfield>
    <subfield code="f">Imp. de Manuel G. Hern&#xE1;ndez)</subfield>
  </datafield>
  <datafield tag="300" ind1=" " ind2=" ">
    <subfield code="a">1 v. (pag. var.) ; </subfield>
    <subfield code="c">15 cm.</subfield>
  </datafield>
  <datafield tag="490" ind1="1" ind2=" ">
    <subfield code="a">Publicaciones de la Sociedad Abolicionista</subfield>
  </datafield>
  <datafield tag="505" ind1="8" ind2=" ">
    <subfield code="a">Contiene: Discurso inaugural / Fernando de Castro . La abolici&#xF3;n de la esclavitud en las Antillas inglesas / F&#xE9;lix de Bona . La esclavitud y el cristianismo / Antonio Carrasco . La servidumbre en Puerto-Rico / Jos&#xE9; Juli&#xE1;n Acosta . La esclavitud en Cuba / Joaqu&#xED;n Mar&#xED;a Sanrom&#xE1; . La abolici&#xF3;n de la esclavitud en el Brasil y en Espa&#xF1;a / Salvador Torres Aguilar . La cuesti&#xF3;n social en las Antillas espa&#xF1;olas / Rafael Mar&#xED;a de Labra . La abolici&#xF3;n de la esclavitud en los Estados-Unidos / Gabriel Rodr&#xED;guez</subfield>
  </datafield>
  <datafield tag="530" ind1=" " ind2=" ">
    <subfield code="a">Disponible en formato digital.</subfield>
  </datafield>
  <datafield tag="650" ind1=" " ind2="7">
    <subfield code="a">Esclavitud-</subfield>
    <subfield code="z">Am&#xE9;rica</subfield>
    <subfield code="2"></subfield>
    <subfield code="9">162982</subfield>
  </datafield>
  <datafield tag="650" ind1=" " ind2="4">
    <subfield code="a">Movimientos antiesclavistas.</subfield>
    <subfield code="9">136549</subfield>
  </datafield>
  <datafield tag="700" ind1="1" ind2=" ">
    <subfield code="a">Castro, Fernando de,</subfield>
    <subfield code="d">1814-1874</subfield>
    <subfield code="9">150497</subfield>
  </datafield>
  <datafield tag="700" ind1="1" ind2=" ">
    <subfield code="a">Bona, F&#xE9;lix de, </subfield>
    <subfield code="d">1822-1889</subfield>
    <subfield code="9">30044</subfield>
  </datafield>
  <datafield tag="700" ind1="1" ind2=" ">
    <subfield code="a">Carrasco, Antonio.</subfield>
    <subfield code="9">35520</subfield>
  </datafield>
  <datafield tag="700" ind1="1" ind2=" ">
    <subfield code="a">Acosta y Calbo, Jos&#xE9; Juli&#xE1;n de.</subfield>
    <subfield code="9">18324</subfield>
  </datafield>
  <datafield tag="700" ind1="1" ind2=" ">
    <subfield code="a">Sanrom&#xE1;, Joaqu&#xED;n Mar&#xED;a,</subfield>
    <subfield code="d">1828-1895</subfield>
    <subfield code="9">103198</subfield>
  </datafield>
  <datafield tag="700" ind1="1" ind2=" ">
    <subfield code="a">Torres Aguilar-Amat, Salvador, </subfield>
    <subfield code="d">1844-</subfield>
    <subfield code="9">133324</subfield>
  </datafield>
  <datafield tag="700" ind1="1" ind2=" ">
    <subfield code="a">Labra, Rafael M. de,</subfield>
    <subfield code="d">1840-1918</subfield>
    <subfield code="9">69273</subfield>
  </datafield>
  <datafield tag="700" ind1="1" ind2=" ">
    <subfield code="a">Rodr&#xED;guez, Gabriel,</subfield>
    <subfield code="d">1829-1901</subfield>
    <subfield code="9">98243</subfield>
  </datafield>
  <datafield tag="710" ind1="2" ind2=" ">
    <subfield code="a">Sociedad Abolicionista Espa&#xF1;ola</subfield>
    <subfield code="9">6627</subfield>
  </datafield>
  <datafield tag="830" ind1="1" ind2=" ">
    <subfield code="a">Publicaciones de la Sociedad Abolicionista</subfield>
    <subfield code="9">226726</subfield>
  </datafield>
  <datafield tag="852" ind1="4" ind2=" ">
    <subfield code="a">ES-MaACL</subfield>
    <subfield code="j">T-889-F-2</subfield>
  </datafield>
  <datafield tag="856" ind1="4" ind2=" ">
    <subfield code="u">http://bdh-rd.bne.es/viewer.vm?id=0000092558&amp;page=1 </subfield>
    <subfield code="z">Biblioteca Digital Hisp&#xE1;nica</subfield>
  </datafield>
  <datafield tag="999" ind1=" " ind2=" ">
    <subfield code="c">20623</subfield>
    <subfield code="d">20623</subfield>
  </datafield>
  <datafield tag="952" ind1=" " ind2=" ">
    <subfield code="0">0</subfield>
    <subfield code="1">0</subfield>
    <subfield code="4">0</subfield>
    <subfield code="7">0</subfield>
    <subfield code="8">Colecci&#xF3;n_de_folletos</subfield>
    <subfield code="a">ATENEOM</subfield>
    <subfield code="b">ATENEOM</subfield>
    <subfield code="c">DEPOF</subfield>
    <subfield code="d">2008-01-17</subfield>
    <subfield code="e">SC</subfield>
    <subfield code="l">0</subfield>
    <subfield code="o">T-889-F-2</subfield>
    <subfield code="p">1021175</subfield>
    <subfield code="r">2023-02-23 00:00:00</subfield>
    <subfield code="w">2023-02-23</subfield>
    <subfield code="y">FOLLETOS</subfield>
  </datafield>
</record>
